| 000 | 00594nam a2200205 i 4500 | ||
|---|---|---|---|
| 001 | bg | ||
| 100 | 1 | _aGOGÓŁKA, Wilhelm | |
| 245 | 0 |
_aKuźnictwo / _cWilhelm Gogółka, Bolesław Kiecoń ; Rozdz. 4 oprac. Sylwester Glaser. - Cz. 1. |
|
| 250 | _aWyd. 2 [niezmien.]. | ||
| 260 |
_aWarszawa : _bPaństw. Wydawn. Szkoln. Zawod., _c1958. |
||
| 300 |
_as. 295 : _bilustr. |
||
| 650 | 9 | _aKuźnictwo | |
| 655 | _aPodręczniki szkolne | ||
| 700 | 1 | _aKIECOŃ, Bolesław | |
| 040 | _cBPK | ||
| 041 | _apol | ||
| 080 | _a621(075).73 | ||
| 942 | _cKS | ||
| 008 | s pl f |000 0 pol | ||
| 999 |
_c10544 _d10544 |
||
| 856 |
_uhttp://koha.tu.koszalin.pl/cgi-bin/koha/opac-detail.pl?biblionumber=10544 _yKatalog online BPK |
||